| 000 | 00706cam a22002413a 4500 | ||
|---|---|---|---|
| 001 | 19863 | ||
| 003 | PGUSA | ||
| 005 | 20140828083424.0 | ||
| 008 | 061119s2006||||xxu|||||s|||||000 | eng d | ||
| 040 |
_aPGUSA _beng |
||
| 042 | _adc | ||
| 050 | 4 | _aND | |
| 100 | 1 |
_aTytler, Sarah, _d1827-1914 |
|
| 245 | 1 | 4 |
_aThe Old Masters and Their Pictures, For the Use of Schools and Learners in Art _h[electronic resource] / _cSarah Tytler |
| 260 |
_bProject Gutenberg, _c2006 |
||
| 506 | _aPublic domain in the USA. | ||
| 516 | _aElectronic text | ||
| 653 | _aPainting -- History | ||
| 653 | _aPainters | ||
| 830 | 0 |
_aProject Gutenberg _v19863 |
|
| 856 | 4 | 0 | _uhttp://www.gutenberg.org/ebooks/19863 |
| 942 | _cEB | ||
| 999 |
_c249118 _d249118 |
||